| 000 | 00402pab a2200157 454500 | ||
|---|---|---|---|
| 008 | 180718b1988 xxu||||| |||| 00| 0 eng d | ||
| 100 | _aFenn, P. | ||
| 245 | _aA positive economic theory of regulatory enforcement | ||
| 260 | _c1988 | ||
| 300 | _a1055-70 | ||
| 362 | _aDec. | ||
| 650 | _aGovernment Regulation of Business | ||
| 700 | _aC.G. Veljanovski | ||
| 773 | _aEconomic Journal | ||
| 909 | _a9579 | ||
| 999 |
_c9579 _d9579 |
||